[Event "DVM U16 2009"]
[Site "Verden/Aller GER"]
[Date "2009.12.27"]
[Round "1"]
[White "Junk, Philipp"]
[Black "Kaulich, Philipp Theodor"]
[Result "1/2-1/2"]
[Termination "normal"]
[Board "2.2"]
[WhiteElo "1760"]
[BlackElo "1874"]
[WhiteTeam "SC Noris-Tarrasch Nürnberg 1873"]
[BlackTeam "SK Bebenhausen"]
[PlyCount "58"]
[WhiteFideId "24669512"]
[BlackFideId "4641582"]
[EventCountry "GER"]
[EventRounds "7"]
[EventType "team-swiss"]
[EventDate "2009.12.26"]

1. e4 c5 2. Nf3 Nc6 3. d4 cxd4 4. Nxd4 g6 5. Be3 Nf6 6. Nc3 Bg7 7. Be2 O-O 8.
O-O d5 9. exd5 Nb4 10. Nb3 Nbxd5 11. Bd4 Re8 12. Nxd5 Qxd5 13. Bf3 Qf5 14. g3
e5 15. Bc3 Ne4 16. Bxe4 Qxe4 17. Re1 Qc6 18. Qe2 b6 19. Nd4 Qd5 20. Qb5 Bb7 21.
Qxd5 Bxd5 22. Nb5 Re7 23. Bb4 Rd7 24. Rad1 Bc6 25. Rxd7 Bxd7 26. Nc3 Bf5 27.
Ne4 Rc8 28. c3 Rc7 29. Rd1 Rd7 1/2-1/2

[Event "DVM U16 2009"]
[Site "Verden/Aller GER"]
[Date "2009.12.27"]
[Round "1"]
[White "Zimmermann, Ulrich"]
[Black "Kulok, Solomon"]
[Result "1-0"]
[Termination "normal"]
[Board "2.3"]
[WhiteElo "1972"]
[BlackElo "1650"]
[WhiteTeam "SK Bebenhausen"]
[BlackTeam "SC Noris-Tarrasch Nürnberg 1873"]
[PlyCount "84"]
[WhiteFideId "24654523"]
[BlackFideId "24652210"]
[EventCountry "GER"]
[EventRounds "7"]
[EventType "team-swiss"]
[EventDate "2009.12.26"]

1. e4 c5 2. Nf3 e6 3. c3 Nc6 4. d4 d5 5. exd5 exd5 6. Bb5 Bd6 7. O-O Nge7 8.
dxc5 Bxc5 9. Nbd2 O-O 10. Nb3 Bd6 11. Bd3 f6 12. Nfd4 a6 13. f4 Nxd4 14. Nxd4
Nc6 15. Qh5 f5 16. Nxf5 Bc5+ 17. Nd4 h6 18. Be3 Bxd4 19. cxd4 Qf6 20. Qxd5+ Be6
21. Qe4 Rad8 22. Qh7+ Kf7 23. f5 Bc8 24. Bc4+ Ke7 25. Rae1 Kd7 26. Be6+ Kc7 27.
Bf4+ Kb6 28. Be5 Nxe5 29. dxe5 Qh4 30. Bxc8 Rxc8 31. Qxg7 Qd4+ 32. Kh1 Rg8 33.
Qxh6+ Ka7 34. Qe3 Qxe3 35. Rxe3 Rc2 36. g3 Rh8 37. h4 Rd8 38. g4 Rdd2 39. Rg3
Rh2+ 40. Kg1 Rxh4 41. f6 Rh8 42. f7 Rf8 1-0

[Event "DVM U16 2009"]
[Site "Verden/Aller GER"]
[Date "2009.12.27"]
[Round "1"]
[White "Myagkov, Kirill"]
[Black "Bonenberger, Pablo Jeremias"]
[Result "1-0"]
[Termination "normal"]
[Board "2.4"]
[WhiteElo "1786"]
[BlackElo "1820"]
[WhiteTeam "SC Noris-Tarrasch Nürnberg 1873"]
[BlackTeam "SK Bebenhausen"]
[PlyCount "77"]
[WhiteFideId "24657042"]
[BlackFideId "4640675"]
[EventCountry "GER"]
[EventRounds "7"]
[EventType "team-swiss"]
[EventDate "2009.12.26"]

1. e4 c5 2. Nc3 Nc6 3. g3 g6 4. Bg2 Bg7 5. f4 e6 6. d3 Nge7 7. Be3 d6 8. Nf3
Nd4 9. Rb1 Nec6 10. Ne2 e5 11. c3 Nxf3+ 12. Bxf3 Bh3 13. fxe5 Nxe5 14. Nf4
Nxf3+ 15. Qxf3 Bd7 16. O-O O-O 17. d4 cxd4 18. Bxd4 Bxd4+ 19. cxd4 f5 20. Qb3+
Rf7 21. Qxb7 fxe4 22. Qd5 Qe8 23. Rbe1 Bc6 24. Qxd6 Rd8 25. Qc5 e3 26. d5 Ba8
27. Rxe3 Qa4 28. Rfe1 Qd7 29. Re5 Rxf4 30. gxf4 Qg4+ 31. Kf1 Qxf4+ 32. Qf2 Qc4+
33. Kg1 Qg4+ 34. Qg3 Qd4+ 35. Qf2 Qg4+ 36. Kh1 Bxd5+ 37. Rxd5 Rxd5 38. Re8+ Kg7
39. Qf8# 1-0

[Event "DVM U16 2009"]
[Site "Verden/Aller GER"]
[Date "2009.12.27"]
[Round "1"]
[White "Horbach, Fabian"]
[Black "Marx, Joschka"]
[Result "1-0"]
[Termination "normal"]
[Board "3.1"]
[WhiteElo "1786"]
[BlackElo "2020"]
[WhiteTeam "SV 1949 Herzogenrath"]
[BlackTeam "Segeberger SF"]
[PlyCount "79"]
[WhiteFideId "12910139"]
[BlackFideId "24645869"]
[EventCountry "GER"]
[EventRounds "7"]
[EventType "team-swiss"]
[EventDate "2009.12.26"]

1. d4 Nf6 2. Nf3 d5 3. e3 c6 4. Nbd2 Nbd7 5. Bd3 e6 6. O-O Be7 7. Re1 O-O 8. b3
Re8 9. Bb2 Bd6 10. Ne5 Bf8 11. f4 g6 12. Qf3 Bg7 13. g4 Nxe5 14. fxe5 Nd7 15.
Rf1 Rf8 16. Qg3 f6 17. exf6 Nxf6 18. c3 Bd7 19. h4 e5 20. Ba3 Re8 21. g5 Nh5
22. Qf2 e4 23. Be2 Be6 24. Bxh5 gxh5 25. Qg3 Qd7 26. Rf2 a5 27. Bd6 b6 28. Raf1
Rac8 29. Kh2 c5 30. Be5 cxd4 31. exd4 Bxe5 32. dxe5 Qc7 33. c4 Qc5 34. g6 h6
35. Rf7 Re7 36. Qf4 Rxf7 37. gxf7+ Kg7 38. Qf6+ Kh7 39. f8=N+ Rxf8 40. Qxf8 1-0

[Event "DVM U16 2009"]
[Site "Verden/Aller GER"]
[Date "2009.12.27"]
[Round "1"]
[White "Neitzel, Mirko"]
[Black "Palmen, Niklas"]
[Result "1/2-1/2"]
[Termination "normal"]
[Board "3.4"]
[WhiteElo "1873"]
[BlackElo "1615"]
[WhiteTeam "Segeberger SF"]
[BlackTeam "SV 1949 Herzogenrath"]
[PlyCount "62"]
[WhiteFideId "24657298"]
[EventCountry "GER"]
[EventRounds "7"]
[EventType "team-swiss"]
[EventDate "2009.12.26"]

1. c4 e6 2. Nf3 Nf6 3. Nc3 d5 4. e3 b6 5. b3 Bb7 6. Bb2 Nbd7 7. d4 Bb4 8. a3
Bxc3+ 9. Bxc3 Ne4 10. Bb2 O-O 11. Bd3 Ndf6 12. O-O c5 13. Nd2 Nxd2 14. Qxd2 Rc8
15. Qe2 Qe7 16. Rfd1 Rfd8 17. f3 Rc7 18. Rac1 h5 19. Qe1 cxd4 20. exd4 Ba6 21.
Qe5 Rdc8 22. Qe2 Rc6 23. Rd2 Qd6 24. Rdc2 Bb7 25. b4 dxc4 26. Rxc4 Rxc4 27.
Rxc4 Rxc4 28. Bxc4 Nd5 29. Bxd5 Qxd5 30. Qe5 Qxe5 31. dxe5 b5 1/2-1/2

[Event "DVM U16 2009"]
[Site "Verden/Aller GER"]
[Date "2009.12.27"]
[Round "1"]
[White "Stahnecker, Ludwig"]
[Black "Kuhlemann, Alexander"]
[Result "1/2-1/2"]
[Termination "normal"]
[Board "4.1"]
[WhiteElo "1989"]
[BlackElo "1855"]
[WhiteTeam "VfR-SC Koblenz"]
[BlackTeam "SC 1868 Bamberg"]
[PlyCount "58"]
[WhiteFideId "24692026"]
[EventCountry "GER"]
[EventRounds "7"]
[EventType "team-swiss"]
[EventDate "2009.12.26"]

1. e4 e5 2. Nf3 Nc6 3. Bb5 a6 4. Ba4 Nf6 5. O-O Be7 6. Re1 b5 7. Bb3 d6 8. c3
O-O 9. h3 Na5 10. Bc2 c5 11. d4 Nd7 12. Nbd2 exd4 13. cxd4 Nc6 14. a4 Bb7 15.
Nf1 cxd4 16. Nxd4 Nxd4 17. Qxd4 Qc7 18. Ne3 Bf6 19. Qb4 Qc5 20. Bd2 Qxb4 21.
Bxb4 Nc5 22. Nf5 Be5 23. Rad1 Rfd8 24. a5 g6 25. Ne7+ Kf8 26. Nd5 Bxd5 27. Rxd5
Rac8 28. Red1 Ke7 29. b3 f6 1/2-1/2

[Event "DVM U16 2009"]
[Site "Verden/Aller GER"]
[Date "2009.12.27"]
[Round "1"]
[White "Bücker, Florian"]
[Black "Stahnecker, Wieland"]
[Result "1/2-1/2"]
[Termination "normal"]
[Board "4.2"]
[WhiteElo "1628"]
[BlackElo "2040"]
[WhiteTeam "SC 1868 Bamberg"]
[BlackTeam "VfR-SC Koblenz"]
[PlyCount "79"]
[WhiteFideId "12910171"]
[BlackFideId "4694481"]
[EventCountry "GER"]
[EventRounds "7"]
[EventType "team-swiss"]
[EventDate "2009.12.26"]

1. d4 Nf6 2. Nf3 e6 3. c4 b6 4. g3 Bb7 5. Bg2 d6 6. Nc3 Be7 7. O-O O-O 8. Qc2
c5 9. d5 exd5 10. cxd5 Qd7 11. e4 Na6 12. Nh4 g6 13. f4 Rad8 14. Ne2 Nb4 15.
Qd1 Ba6 16. a3 Nd3 17. Rb1 Ng4 18. Bh3 Bxh4 19. gxh4 h5 20. Rf3 Nxc1 21. Rxc1
Qe7 22. Nc3 Bc8 23. Qe1 Rfe8 24. Bxg4 hxg4 25. Re3 Qf6 26. Qf2 Kg7 27. Rce1 a6
28. e5 Qf5 29. exd6 Rxe3 30. Qxe3 Rxd6 31. Qe5+ Qf6 32. Qxf6+ Rxf6 33. Ne4 Rxf4
34. Nd6 Bf5 35. Re7 Bd3 36. Nc8 b5 37. Na7 Rd4 38. Rd7 Bf5 39. Rd8 Be4 40. d6
1/2-1/2

[Event "DVM U16 2009"]
[Site "Verden/Aller GER"]
[Date "2009.12.27"]
[Round "1"]
[White "Vossen, Daniel"]
[Black "Schrepfer, Maximilian"]
[Result "1/2-1/2"]
[Termination "normal"]
[Board "4.3"]
[WhiteElo "1752"]
[BlackElo "1550"]
[WhiteTeam "VfR-SC Koblenz"]
[BlackTeam "SC 1868 Bamberg"]
[PlyCount "28"]
[BlackFideId "12910180"]
[EventCountry "GER"]
[EventRounds "7"]
[EventType "team-swiss"]
[EventDate "2009.12.26"]

1. d4 e6 2. c4 d5 3. Nc3 Nf6 4. Nf3 c6 5. e3 Bd6 6. Bd3 O-O 7. Qc2 Re8 8. Ne5
Nbd7 9. f4 dxc4 10. Bxc4 Nd5 11. e4 Nxc3 12. bxc3 Nb6 13. Bb3 c5 14. Qf2 Qc7
1/2-1/2

[Event "DVM U16 2009"]
[Site "Verden/Aller GER"]
[Date "2009.12.27"]
[Round "1"]
[White "Seubert, Lukas"]
[Black "Lauer, Florian"]
[Result "0-1"]
[Termination "normal"]
[Board "4.4"]
[WhiteElo "1557"]
[BlackElo "1678"]
[WhiteTeam "SC 1868 Bamberg"]
[BlackTeam "VfR-SC Koblenz"]
[PlyCount "84"]
[BlackFideId "12910074"]
[EventCountry "GER"]
[EventRounds "7"]
[EventType "team-swiss"]
[EventDate "2009.12.26"]

1. c4 e6 2. Nc3 Nf6 3. Nf3 d5 4. cxd5 exd5 5. d4 Be7 6. Bf4 O-O 7. e3 Bf5 8. a3
a6 9. Bd3 Bxd3 10. Qxd3 Nbd7 11. O-O b5 12. Rfc1 Rc8 13. b4 Nb6 14. Nd2 Nh5 15.
Bg3 Nxg3 16. hxg3 f5 17. Nb3 c6 18. Ne2 Nc4 19. Nc5 Bxc5 20. dxc5 Qg5 21. Nd4
Ne5 22. Qd1 Qf6 23. Nf3 Ng4 24. Qd4 Qh6 25. Qf4 Qh5 26. Qg5 Qf7 27. Nd4 h6 28.
Qf4 g5 29. Qd6 Qh5 30. Qe6+ Kh8 31. Nf3 Rc7 32. Qd6 Rff7 33. Kf1 Qh1+ 34. Ng1
Kg7 35. Re1 Nh2+ 36. Ke2 Qxg2 37. Qe5+ Kh7 38. Rad1 Ng4 39. Qd6 Nxf2 40. Kd2
Ne4+ 41. Kc1 Nxd6 42. cxd6 Rcd7 0-1

[Event "DVM U16 2009"]
[Site "Verden/Aller GER"]
[Date "2009.12.27"]
[Round "1"]
[White "Orhan, Eda"]
[Black "Wenninger, Philipp"]
[Result "0-1"]
[Termination "normal"]
[Board "5.3"]
[WhiteElo "1780"]
[BlackElo "1988"]
[WhiteTeam "Schachgesellschaft Bochum 31"]
[BlackTeam "Heilbronner Schachverein"]
[PlyCount "48"]
[WhiteFideId "24659258"]
[BlackFideId "4648404"]
[EventCountry "GER"]
[EventRounds "7"]
[EventType "team-swiss"]
[EventDate "2009.12.26"]

1. d4 c5 2. Nf3 Nf6 3. e3 d5 4. b3 cxd4 5. exd4 Nc6 6. Bb2 Bf5 7. Bd3 Bxd3 8.
Qxd3 e6 9. O-O Bd6 10. Nbd2 O-O 11. a3 Rc8 12. Ne5 Qc7 13. f4 Ne7 14. c4 dxc4
15. bxc4 Rfd8 16. Qe2 Nf5 17. Ndf3 h5 18. Rac1 Qa5 19. Ng5 Bxe5 20. fxe5 Ng4
21. Qf3 Qd2 22. Nxf7 Kxf7 23. Qxb7+ Kg8 24. h3 Qe3+ 0-1

[Event "DVM U16 2009"]
[Site "Verden/Aller GER"]
[Date "2009.12.27"]
[Round "1"]
[White "Usov, Andreas"]
[Black "Benning, Robert"]
[Result "1/2-1/2"]
[Termination "normal"]
[Board "5.4"]
[WhiteElo "1472"]
[BlackElo "1316"]
[WhiteTeam "Heilbronner Schachverein"]
[BlackTeam "Schachgesellschaft Bochum 31"]
[PlyCount "78"]
[WhiteFideId "24601713"]
[BlackFideId "1271707"]
[EventCountry "GER"]
[EventRounds "7"]
[EventType "team-swiss"]
[EventDate "2009.12.26"]

1. e4 d5 2. exd5 Nf6 3. Nc3 Nxd5 4. Nxd5 Qxd5 5. Qf3 Qc6 6. Qb3 Bd7 7. Nf3 e6
8. d4 g6 9. Bc4 Bg7 10. d5 Qb6 11. dxe6 Bxe6 12. Bxe6 Qxe6+ 13. Qxe6+ fxe6 14.
O-O O-O 15. Re1 Re8 16. Bf4 c6 17. c3 Nd7 18. Rad1 Nc5 19. Be5 Rad8 20. Bxg7
Kxg7 21. b3 Kf6 22. Rd4 Rd5 23. Rxd5 cxd5 24. Nd4 a6 25. c4 dxc4 26. bxc4 Rd8
27. Nf3 Na4 28. Kf1 Nb2 29. c5 Nd3 30. Rd1 Ke7 31. Ng5 h6 32. Ne4 Rd5 33. Rb1
Rd7 34. g3 Kd8 35. Ke2 Ne5 36. Nd6 Kc7 37. Rxb7+ Kc6 38. Rb6+ Kxc5 39. Nc8 Rd8
1/2-1/2

[Event "DVM U16 2009"]
[Site "Verden/Aller GER"]
[Date "2009.12.27"]
[Round "1"]
[White "Kahleys, Kevin"]
[Black "Kremser, Michael"]
[Result "0-1"]
[Termination "normal"]
[Board "6.1"]
[WhiteElo "2034"]
[BlackElo "1910"]
[WhiteTeam "SV Mülheim Nord 1931"]
[BlackTeam "Schachgemeinschaft Porz"]
[PlyCount "68"]
[WhiteFideId "24669601"]
[BlackFideId "1270131"]
[EventCountry "GER"]
[EventRounds "7"]
[EventType "team-swiss"]
[EventDate "2009.12.26"]

1. Nf3 c5 2. c4 Nf6 3. g3 g6 4. Bg2 Bg7 5. O-O O-O 6. d4 cxd4 7. Nxd4 Nc6 8.
Nc3 Qb6 9. Nc2 d6 10. b3 Bf5 11. Bb2 Rac8 12. Ne3 Be6 13. Rb1 Rfd8 14. Ncd5
Bxd5 15. cxd5 Ne5 16. Qd2 Rc7 17. Rbc1 Rdc8 18. h3 Qb5 19. Rxc7 Rxc7 20. Bxe5
dxe5 21. Nc4 e4 22. d6 Rd7 23. Qe3 exd6 24. Qxa7 d5 25. Qb8+ Bf8 26. Ne5 Re7
27. Rc1 h5 28. g4 Qxe2 29. Rc8 e3 30. Rxf8+ Kg7 31. f4 Qf2+ 32. Kh2 Qxf4+ 33.
Kh1 e2 34. Nd3 e1=Q+ 0-1

[Event "DVM U16 2009"]
[Site "Verden/Aller GER"]
[Date "2009.12.27"]
[Round "1"]
[White "Simanowski, Mio"]
[Black "Krause, Johann"]
[Result "1/2-1/2"]
[Termination "normal"]
[Board "6.3"]
[WhiteElo "1633"]
[BlackElo "1507"]
[WhiteTeam "SV Mülheim Nord 1931"]
[BlackTeam "Schachgemeinschaft Porz"]
[PlyCount "104"]
[WhiteFideId "24687154"]
[BlackFideId "1270612"]
[EventCountry "GER"]
[EventRounds "7"]
[EventType "team-swiss"]
[EventDate "2009.12.26"]

1. e4 c6 2. d4 d5 3. e5 Bf5 4. Nf3 e6 5. Bd3 Bg6 6. O-O Nd7 7. Bf4 Qb6 8. b3 c5
9. c3 Ne7 10. Re1 Nc6 11. Be3 cxd4 12. Bxd4 Bc5 13. Bxc5 Nxc5 14. Bxg6 hxg6 15.
Re2 Ne4 16. c4 Rd8 17. cxd5 Rxd5 18. Qc2 Nc5 19. Nc3 Rd7 20. Ne4 Nxe4 21. Qxe4
Nd4 22. Ree1 Nxf3+ 23. Qxf3 O-O 24. Red1 Rfd8 25. Rxd7 Rxd7 26. Rc1 Qd4 27.
Rc8+ Rd8 28. Rxd8+ Qxd8 29. Qe2 Qg5 30. g3 Qc1+ 31. Kg2 Qc6+ 32. f3 Qd5 33. Kh3
Kf8 34. f4 Ke7 35. Kg4 Qd8 36. Qc2 Qd5 37. Qc7+ Ke8 38. Qc8+ Ke7 39. Qc7+ Ke8
40. Qc8+ Ke7 41. Qc2 Kd7 42. h4 a6 43. a3 a5 44. b4 axb4 45. axb4 b5 46. Qe2
Qc4 47. Qd2+ Qd5 48. Qe2 Qc4 49. Qd2+ Qd5 50. Qe2 Qc4 51. Qd2+ Qd5 52. Qe2 Qc4
1/2-1/2

[Event "DVM U16 2009"]
[Site "Verden/Aller GER"]
[Date "2009.12.27"]
[Round "1"]
[White "Schell, Samuel"]
[Black "Messing, Simon"]
[Result "0-1"]
[Termination "normal"]
[Board "6.4"]
[WhiteElo "1475"]
[BlackElo "1593"]
[WhiteTeam "Schachgemeinschaft Porz"]
[BlackTeam "SV Mülheim Nord 1931"]
[PlyCount "78"]
[BlackFideId "24651990"]
[EventCountry "GER"]
[EventRounds "7"]
[EventType "team-swiss"]
[EventDate "2009.12.26"]

1. e4 e6 2. d4 d5 3. Nc3 Bb4 4. e5 Ne7 5. Nf3 h6 6. a3 Bxc3+ 7. bxc3 c5 8. c4
cxd4 9. cxd5 Nxd5 10. Qxd4 Qc7 11. c4 Ne7 12. Bd3 Nbc6 13. Qe3 Nf5 14. Bxf5
exf5 15. Bb2 Be6 16. Rc1 Qa5+ 17. Ke2 O-O 18. Rhd1 Rfd8 19. Nd2 Qa4 20. Qc5 Qa5
21. Qxa5 Nxa5 22. Rc3 Rac8 23. Rdc1 Rc5 24. R1c2 f4 25. Kf3 g5 26. g3 Bf5 27.
gxf4 Bxc2 28. Rxc2 b5 29. Ne4 Rxc4 30. Re2 Rd3+ 31. Kg4 Nb7 32. fxg5 Nc5 33.
Kf5 Nxe4 34. Rxe4 Rf3+ 35. Kg4 Rxf2 36. Rxc4 bxc4 37. h4 Rxb2 38. gxh6 Kh7 39.
Kg5 c3 0-1

[Event "DVM U16 2009"]
[Site "Verden/Aller GER"]
[Date "2009.12.27"]
[Round "1"]
[White "Mao, Kevin"]
[Black "Raum, Sebastian"]
[Result "1/2-1/2"]
[Termination "normal"]
[Board "7.1"]
[WhiteElo "1706"]
[BlackElo "1910"]
[WhiteTeam "SK 1980 Gernsheim"]
[BlackTeam "SG Oesede-Georgsmarienhütte"]
[PlyCount "41"]
[WhiteFideId "1271183"]
[BlackFideId "24673935"]
[EventCountry "GER"]
[EventRounds "7"]
[EventType "team-swiss"]
[EventDate "2009.12.26"]

1. e4 c5 2. Nc3 e6 3. f4 d5 4. Bb5+ Nc6 5. Bxc6+ bxc6 6. d3 Nf6 7. e5 Nd7 8.
Nf3 Be7 9. O-O O-O 10. Ne2 f6 11. Ng3 fxe5 12. fxe5 Nb6 13. Qe1 Bd7 14. Nh5 Qe8
15. Nf4 c4 16. d4 c5 17. c3 cxd4 18. Nxd4 Bc5 19. Be3 Nc8 20. Kh1 Rf7 21. Rf3
1/2-1/2

[Event "DVM U16 2009"]
[Site "Verden/Aller GER"]
[Date "2009.12.27"]
[Round "1"]
[White "Thumulka, Patrick"]
[Black "Di Capua, Francesco Stefano"]
[Result "1-0"]
[Termination "normal"]
[Board "7.2"]
[WhiteElo "1892"]
[BlackElo "1583"]
[WhiteTeam "SG Oesede-Georgsmarienhütte"]
[BlackTeam "SK 1980 Gernsheim"]
[PlyCount "51"]
[WhiteFideId "24676870"]
[BlackFideId "24698903"]
[EventCountry "GER"]
[EventRounds "7"]
[EventType "team-swiss"]
[EventDate "2009.12.26"]

1. e4 e5 2. Nf3 Nc6 3. Bb5 a6 4. Ba4 Nf6 5. O-O Nxe4 6. Re1 Nc5 7. Bxc6 dxc6 8.
Nxe5 Be6 9. d4 Nd7 10. Bf4 Bd6 11. Nc3 Qf6 12. Bg3 Bxe5 13. dxe5 Qg6 14. Qe2 h5
15. f3 h4 16. Bf4 Rh5 17. Rad1 Qf5 18. Qe4 g5 19. Bc1 O-O-O 20. h3 Nb6 21.
Rxd8+ Kxd8 22. Qxf5 Bxf5 23. Ne4 Bxe4 24. Rxe4 Nd7 25. e6 f5 26. Rd4 1-0

[Event "DVM U16 2009"]
[Site "Verden/Aller GER"]
[Date "2009.12.27"]
[Round "1"]
[White "Rothermel, Tim"]
[Black "Düssler, Stefanie"]
[Result "0-1"]
[Termination "normal"]
[Board "7.3"]
[WhiteElo "1773"]
[BlackElo "1784"]
[WhiteTeam "SK 1980 Gernsheim"]
[BlackTeam "SG Oesede-Georgsmarienhütte"]
[PlyCount "56"]
[WhiteFideId "24660647"]
[BlackFideId "4634780"]
[EventCountry "GER"]
[EventRounds "7"]
[EventType "team-swiss"]
[EventDate "2009.12.26"]

1. e4 e6 2. d4 d5 3. e5 c5 4. c3 Qb6 5. a3 Nc6 6. Nf3 a5 7. Qa4 Bd7 8. Bb5 cxd4
9. cxd4 Nxe5 10. Bxd7+ Nxd7 11. Ne5 Rd8 12. Bd2 f6 13. Bxa5 Qxb2 14. Nxd7 Rxd7
15. Bc3 Qc1+ 16. Qd1 Qxd1+ 17. Kxd1 Bd6 18. Nd2 Ne7 19. Nf3 Kf7 20. Kd2 Ra8 21.
Bb4 Nf5 22. Kd3 Ra4 23. Rhb1 Bxb4 24. axb4 Rxa1 25. Rxa1 Rc7 26. Nd2 Nd6 27.
Ra7 Nb5 28. Ra5 Rc3+ 0-1

[Event "DVM U16 2009"]
[Site "Verden/Aller GER"]
[Date "2009.12.27"]
[Round "1"]
[White "Fischer, Marvin"]
[Black "Fornoff, Robin"]
[Result "0-1"]
[Termination "normal"]
[Board "7.4"]
[WhiteElo "1438"]
[BlackElo "1426"]
[WhiteTeam "SG Oesede-Georgsmarienhütte"]
[BlackTeam "SK 1980 Gernsheim"]
[PlyCount "62"]
[WhiteFideId "12910082"]
[BlackFideId "24698890"]
[EventCountry "GER"]
[EventRounds "7"]
[EventType "team-swiss"]
[EventDate "2009.12.26"]

1. e4 e5 2. Nf3 Nc6 3. Bc4 Nf6 4. Ng5 d5 5. exd5 Na5 6. d3 h6 7. Nh3 Nxd5 8.
Qe2 Qd6 9. Bd2 Nc6 10. c3 Nb6 11. Na3 a6 12. O-O-O Bf5 13. d4 O-O-O 14. Be3 Qg6
15. dxe5 Bxa3 16. Bxb6 Bxh3 17. gxh3 Be7 18. Bd4 Nxd4 19. Qg4+ Qxg4 20. hxg4
Bg5+ 21. Kb1 Nc6 22. e6 fxe6 23. Bxe6+ Kb8 24. Kc2 Rhe8 25. Rxd8+ Rxd8 26. Rd1
Rxd1 27. Kxd1 Ka7 28. b4 Kb6 29. Kc2 a5 30. Kb3 axb4 31. cxb4 Nd4+ 1-0

[Event "DVM U16 2009"]
[Site "Verden/Aller GER"]
[Date "2009.12.27"]
[Round "1"]
[White "Konow, Philipp"]
[Black "Schulz, Anja"]
[Result "1-0"]
[Termination "normal"]
[Board "8.1"]
[WhiteElo "1864"]
[BlackElo "1996"]
[WhiteTeam "Stader Schachverein"]
[BlackTeam "SV Muldental Wilkau-Haßlau"]
[PlyCount "67"]
[WhiteFideId "4635230"]
[BlackFideId "24647845"]
[EventCountry "GER"]
[EventRounds "7"]
[EventType "team-swiss"]
[EventDate "2009.12.26"]

1. d4 Nf6 2. c4 g6 3. Nc3 Bg7 4. e4 d6 5. f3 O-O 6. Be3 a6 7. Qd2 Nbd7 8. Nh3
c5 9. d5 b5 10. cxb5 Qa5 11. Nf2 Nb6 12. Be2 Nfd7 13. Nfd1 f5 14. O-O Ne5 15.
Bg5 Rf7 16. Qc2 Nec4 17. a4 f4 18. Bh4 Bd4+ 19. Kh1 Bd7 20. Be1 axb5 21. Nxb5
Qxb5 22. axb5 Rxa1 23. Bxc4 Nxc4 24. Qxc4 Rxd1 25. Bc3 Rxf1+ 26. Qxf1 Rf8 27.
b6 Bc8 28. Qb5 Bb7 29. Qd7 Ra8 30. g3 Bc8 31. Qe8+ Kg7 32. Bxd4+ cxd4 33. Qxe7+
Kh6 34. b7 1-0

[Event "DVM U16 2009"]
[Site "Verden/Aller GER"]
[Date "2009.12.27"]
[Round "1"]
[White "Schuffenhauer, Robert"]
[Black "Bauschmann, Christoph"]
[Result "1/2-1/2"]
[Termination "normal"]
[Board "8.2"]
[WhiteElo "1629"]
[BlackElo "1860"]
[WhiteTeam "SV Muldental Wilkau-Haßlau"]
[BlackTeam "Stader Schachverein"]
[PlyCount "79"]
[WhiteFideId "1270108"]
[BlackFideId "24603414"]
[EventCountry "GER"]
[EventRounds "7"]
[EventType "team-swiss"]
[EventDate "2009.12.26"]

1. d4 Nf6 2. c4 e6 3. Nc3 d5 4. Nf3 Nbd7 5. Bg5 Bb4 6. Bxf6 Bxc3+ 7. bxc3 Nxf6
8. e3 Ne4 9. Qc2 c5 10. Bd3 Qa5 11. Bxe4 dxe4 12. Nd2 f5 13. g4 O-O 14. O-O-O
Bd7 15. Rdg1 b5 16. gxf5 exf5 17. cxb5 cxd4 18. Qb3+ Kh8 19. c4 Qc3+ 20. Qxc3
dxc3 21. Nb3 Rac8 22. Kc2 Rxc4 23. Rd1 Bxb5 24. Rd5 Ba4 25. Rhd1 h6 26. h4 f4
27. Rd8 Kg8 28. exf4 Rxd8 29. Rxd8+ Kf7 30. Rd5 a6 31. Rd6 Bb5 32. Nd4 Ba4+ 33.
Nb3 a5 34. Rd5 Bxb3+ 35. axb3 Rc6 36. Rxa5 Rf6 37. f5 g6 38. fxg6+ Kxg6 39. h5+
Kf7 40. Kxc3 1/2-1/2

[Event "DVM U16 2009"]
[Site "Verden/Aller GER"]
[Date "2009.12.27"]
[Round "1"]
[White "Evers, Annika"]
[Black "Ahlswede, Christian"]
[Result "1-0"]
[Termination "normal"]
[Board "8.3"]
[WhiteElo "1676"]
[BlackElo "1437"]
[WhiteTeam "Stader Schachverein"]
[BlackTeam "SV Muldental Wilkau-Haßlau"]
[PlyCount "57"]
[WhiteFideId "24691933"]
[EventCountry "GER"]
[EventRounds "7"]
[EventType "team-swiss"]
[EventDate "2009.12.26"]

1. e4 e5 2. Nf3 Nc6 3. Bc4 Nf6 4. d3 Bc5 5. c3 O-O 6. O-O d6 7. Nbd2 a6 8. Bb3
Ba7 9. Re1 h6 10. Nf1 Re8 11. Ng3 Be6 12. h3 d5 13. Bd2 b5 14. Qc1 d4 15. Bxe6
Rxe6 16. Nf5 dxc3 17. bxc3 Qxd3 18. Bxh6 Nxe4 19. Be3 Qxc3 20. Bxa7 Rxa7 21.
Rxe4 Qd3 22. Qe3 Qd7 23. Rc1 Rb7 24. Nxe5 Nxe5 25. Rxe5 Rbb6 26. Rxe6 Rxe6 27.
Qg3 Rg6 28. Qe5 Kf8 29. Rxc7 1-0

[Event "DVM U16 2009"]
[Site "Verden/Aller GER"]
[Date "2009.12.27"]
[Round "1"]
[White "Range, Felix"]
[Black "Meyer, Christoph"]
[Result "1/2-1/2"]
[Termination "normal"]
[Board "8.4"]
[WhiteElo "1274"]
[BlackElo "1591"]
[WhiteTeam "SV Muldental Wilkau-Haßlau"]
[BlackTeam "Stader Schachverein"]
[PlyCount "67"]
[WhiteFideId "12905623"]
[BlackFideId "1270490"]
[EventCountry "GER"]
[EventRounds "7"]
[EventType "team-swiss"]
[EventDate "2009.12.26"]

1. e4 c5 2. Nf3 Nc6 3. d4 cxd4 4. Nxd4 g6 5. Be3 Bg7 6. Nc3 Nf6 7. Bc4 d6 8.
Qd2 Ng4 9. Nde2 Nxe3 10. Qxe3 Bd7 11. O-O-O O-O 12. Kb1 Qc7 13. h4 Ne5 14. Bb3
a5 15. a3 a4 16. Ba2 Rfc8 17. h5 Nc4 18. Qf3 Be6 19. hxg6 fxg6 20. Nd4 Bxd4 21.
Rxd4 Rf8 22. Qg3 Qc5 23. Qh4 Rf7 24. e5 Rc8 25. Rf4 Nxa3+ 26. bxa3 Qxc3 27.
Bxe6 Qxc2+ 28. Ka1 Qc3+ 29. Ka2 Qc2+ 30. Ka1 Qc3+ 31. Ka2 Qc2+ 32. Ka1 Qc3+ 33.
Ka2 Qc2+ 34. Ka1 1/2-1/2

[Event "DVM U16 2009"]
[Site "Verden/Aller GER"]
[Date "2009.12.27"]
[Round "1"]
[White "Viereck, Marten"]
[Black "Raider, Eugen"]
[Result "0-1"]
[Termination "normal"]
[Board "9.1"]
[WhiteElo "1933"]
[BlackElo "1871"]
[WhiteTeam "SV Dresden-Striesen"]
[BlackTeam "Königsspringer SC 1984"]
[PlyCount "112"]
[WhiteFideId "24692190"]
[BlackFideId "24657352"]
[EventCountry "GER"]
[EventRounds "7"]
[EventType "team-swiss"]
[EventDate "2009.12.26"]

1. Nf3 c5 2. g3 g6 3. Bg2 Bg7 4. O-O Nc6 5. c4 a6 6. Nc3 Rb8 7. a4 e6 8. b3 d5
9. Bb2 Nge7 10. Re1 O-O 11. e4 Nb4 12. Qb1 d4 13. Ne2 Nec6 14. d3 b5 15. axb5
axb5 16. Nd2 Na5 17. Ba3 bxc4 18. bxc4 Nac6 19. f4 e5 20. Bxb4 Nxb4 21. fxe5
Qg5 22. Nf4 Bxe5 23. Nf3 Qf6 24. Nxe5 Qxe5 25. Qd1 Qg5 26. Nd5 Bg4 27. Bf3 Bxf3
28. Qxf3 Nc2 29. Nf6+ Kg7 30. Nd7 Nxe1 31. Rxe1 Rb2 32. Nxf8 Qd2 33. Kf1 Kxf8
34. Qe2 Qc3 35. Qf3 Rxh2 36. e5 Rd2 37. Rd1 Rxd1+ 38. Qxd1 Qb2 39. Qf3 Qc1+ 40.
Kg2 Qd2+ 41. Kf1 Qg5 42. Qd5 Qe7 43. Ke2 Kg7 44. Kf3 h5 45. Ke4 h4 46. gxh4
Qxh4+ 47. Kf3 Qh1+ 48. Ke2 Qxd5 49. cxd5 f5 50. d6 Kf7 51. d7 Ke7 52. e6 g5 53.
Kf3 g4+ 54. Kf4 c4 55. dxc4 d3 56. Ke3 g3 0-1